[Event "Wch U12 Girls"]
[Site "Montesilvano"]
[Date "2024.11.26"]
[Round "11"]
[White "Harutyunyan, Gabriela"]
[Black "Pavithra, RV."]
[Result "1-0"]
[WhiteElo "1730"]
[BlackElo "1854"]
[PlyCount "87"]
[EventDate "2024.11.15"]
[EventType "swiss"]
[EventRounds "11"]
[EventCountry "ITA"]
[SourceTitle "CB48_2024"]
[SourceDate "2024.11.28"]
[SourceVersion "1"]
[SourceVersionDate "2024.11.28"]
[SourceQuality "1"]

1. e4 c5 2. Nc3 Nc6 3. Bb5 g6 4. Bxc6 dxc6 5. d3 Bg7 6. Be3 b6 7. Qd2 e5 8. Nge2 Qc7 9. a4 a5 10. f4 f6 11. 0-0 Be6 12. Rad1 Ne7 13. Qe1 0-0-0 14. Nb1 h6 15. Qf2 g5 16. f5 Bf7 17. b4 axb4 18. a5 bxa5 19. Bxc5 Kb7 20. Nd2 Nc8 21. Rb1 Bf8 22. Be3 c5 23. Ra1 Kb6 24. Nc1 Nd6 25. Ncb3 Nb7 26. Rfb1 Ka7 27. Nxa5 Nxa5 28. Rxb4 Ka6 29. Rba4 Rc8 30. Qe1 Be8 31. Rxa5+ Qxa5 32. Rxa5+ Kxa5 33. Nc4+ Kb5 34. Qa5+ Kc6 35. Qb6+ Kd7 36. Qe6+ Kd8 37. Bd2 Bd7 38. Ba5+ Rc7 39. Qxf6+ Ke8 40. Qxe5+ Kd8 41. Bxc7+ Kc8 42. Ba5 Kb7 43. Qc7+ Ka8 44. Nb6# 1-0

[Event "Wch U12 Girls"]
[Site "Montesilvano"]
[Date "2024.11.20"]
[Round "6"]
[White "Pavithra, RV."]
[Black "Rzadkowska, Kaja"]
[Result "1-0"]
[WhiteElo "1854"]
[BlackElo "1798"]
[PlyCount "149"]
[EventDate "2024.11.15"]
[EventType "swiss"]
[EventRounds "11"]
[EventCountry "ITA"]
[SourceTitle "CB48_2024"]
[SourceDate "2024.11.28"]
[SourceVersion "1"]
[SourceVersionDate "2024.11.28"]
[SourceQuality "1"]

1. e4 c5 2. Nf3 Nc6 3. d3 g6 4. g3 Bg7 5. Bg2 e5 6. 0-0 Nge7 7. Be3 d6 8. Qd2 0-0 9. Nc3 f5 10. Bg5 Qc7 11. h4 f4 12. gxf4 h6 13. Bxe7 Qxe7 14. Nd5 Qd8 15. fxe5 dxe5 16. Qe3 Bg4 17. Nh2 Qxh4 18. Nxg4 Qxg4 19. f3 Qg3 20. c3 b6 21. Qf2 Qxf2+ 22. Kxf2 Nd8 23. Bh3 Nf7 24. Be6 Kh7 25. Bxf7 Rxf7 26. Ke2 g5 27. a4 Rb8 28. b4 cxb4 29. cxb4 Bf8 30. Rab1 Rfb7 31. Rh1 Kg6 32. Rbc1 Bg7 33. Rc6+ Kf7 34. Ne3 Rd7 35. Rhc1 Rbd8 36. Rc7 Bf8 37. Nd5 Bd6 38. R7c6 Kg7 39. Kf2 Rh8 40. Kg3 h5 41. R1c4 h4+ 42. Kh3 Kg6 43. Ne3 Kh5 44. Ng4 Rf8 45. Kg2 Rf4 46. Rc1 Rd8 47. Ne3 Rf6 48. Nf5 Kg6 49. Rc8 Rxc8 50. Rxc8 Bxb4 51. Rg8+ Kh5 52. Rh8+ Kg6 53. Rh6+ Kf7 54. Rh7+ Ke6 55. Rxa7 Bc5 56. Ng7+ Kd6 57. Ne8+ Ke6 58. Nxf6 Kxf6 59. Kh3 Be3 60. Kg4 Kg6 61. Rd7 Kf6 62. Rd6+ Ke7 63. Rh6 Kd7 64. Kf5 Bf4 65. Rxb6 h3 66. a5 h2 67. Rb1 Kc7 68. a6 h1Q 69. Rxh1 Kb6 70. Rh6+ Ka7 71. Rg6 Ka8 72. Rxg5 Bxg5 73. Kxg5 Ka7 74. Kf5 Kxa6 75. Kxe5 1-0

[Event "IND-ch U11 Girls 37th"]
[Site "Hyderabad"]
[Date "2024.10.09"]
[Round "10"]
[White "Pavithra, RV."]
[Black "Vidhi, Angelina"]
[Result "1/2-1/2"]
[WhiteElo "1910"]
[BlackElo "1645"]
[PlyCount "164"]
[EventDate "2024.10.04"]
[EventType "swiss"]
[EventRounds "11"]
[EventCountry "IND"]
[SourceTitle "CB47_2024"]
[SourceDate "2024.11.20"]
[SourceVersion "1"]
[SourceVersionDate "2024.11.20"]
[SourceQuality "1"]

1. e4 e5 2. Nf3 Nc6 3. Bc4 Bc5 4. Nc3 Nf6 5. d3 h6 6. h3 d6 7. 0-0 0-0 8. Be3 Bb6 9. Qd2 Be6 10. Bb3 Qd7 11. Kh2 Bxb3 12. axb3 d5 13. Bxh6 gxh6 14. Qxh6 Nh7 15. exd5 Nd4 16. Nxe5 Qd6 17. Qxd6 cxd6 18. Nd7 Rfd8 19. Nxb6 axb6 20. Rxa8 Rxa8 21. Rc1 Nf6 22. g4 b5 23. b4 Kg7 24. Kg2 Re8 25. Kf1 Re5 26. f4 Re3 27. Kg2 Kg6 28. Kh2 Rf3 29. f5+ Kg5 30. Kg2 Kh4 31. Rh1 Rg3+ 32. Kf2 Rf3+ 33. Kg2 Rg3+ 34. Kf2 Rxh3 35. Rxh3+ Kxh3 36. Ke3 Nxc2+ 37. Kd2 Kxg4 38. Nxb5 Ne8 39. Kxc2 Kxf5 40. Kc3 Ke5 41. Kc4 f5 42. Nd4 Nf6 43. b3 f4 44. Nf3+ Kf5 45. Kd4 Kg4 46. Nd2 f3 47. Ke3 Nxd5+ 48. Kf2 Nxb4 49. Nxf3 Nxd3+ 50. Ke3 Nc5 51. b4 Na6 52. b5 Nc7 53. Nd4 d5 54. Kd3 Kf4 55. b6 Ne8 56. Nb5 Ke5 57. Ke3 Nd6 58. Nc7 Nc4+ 59. Kd3 Nxb6 60. Nb5 Nc8 61. Nd4 Nd6 62. Nf3+ Kf4 63. Nd2 Ne4 64. Nb3 Ke5 65. Ke3 Nd6 66. Kd3 b6 67. Ke3 Nf5+ 68. Kd3 d4 69. Nd2 b5 70. Nb3 Kd5 71. Nd2 Kc5 72. Nf3 Kb4 73. Nd2 Ka3 74. Nb1+ Ka2 75. Nd2 Kb2 76. Nf3 b4 77. Kc4 b3 78. Nd2 Kc2 79. Nxb3 d3 80. Na1+ Kd2 81. Nb3+ Ke3 82. Kc3 Ke2 1/2-1/2

[Event "IND-ch U11 Girls 37th"]
[Site "Hyderabad"]
[Date "2024.10.07"]
[Round "7"]
[White "Bruhathi, Kondisetti"]
[Black "Pavithra, RV."]
[Result "0-1"]
[WhiteElo "1556"]
[BlackElo "1910"]
[PlyCount "82"]
[EventDate "2024.10.04"]
[EventType "swiss"]
[EventRounds "11"]
[EventCountry "IND"]
[SourceTitle "CB47_2024"]
[SourceDate "2024.11.20"]
[SourceVersion "1"]
[SourceVersionDate "2024.11.20"]
[SourceQuality "1"]

1. e4 c5 2. Nf3 g6 3. d4 cxd4 4. Qxd4 Nf6 5. Be2 Nc6 6. Qe3 Bg7 7. 0-0 0-0 8. h3 d6 9. Rd1 Qc7 10. c3 h6 11. Nbd2 d5 12. Bd3 e5 13. Qe1 Be6 14. b3 Rfd8 15. Bb2 Nh5 16. exd5 Bxd5 17. Bc4 Nf4 18. Qe3 Ne7 19. Ba3 Nf5 20. Qe1 Bc6 21. Rac1 b5 22. Bf1 Qb7 23. Kh2 e4 24. Nd4 Nxd4 25. cxd4 Bxd4 26. g3 Ne6 27. Bg2 f5 28. Nf1 a5 29. Rc2 b4 30. Bb2 Bxb2 31. Rxb2 Nc5 32. Rbd2 Nd3 33. Qe3 Kh7 34. h4 a4 35. Bh3 axb3 36. axb3 Qf7 37. Qb6 Rac8 38. Rb1 g5 39. hxg5 hxg5 40. Ne3 g4 41. Bf1 Ne5 0-1

[Event "IND-ch U11 Girls 37th"]
[Site "Hyderabad"]
[Date "2024.10.06"]
[Round "4"]
[White "Pavithra, RV."]
[Black "Shreya, Rajesh"]
[Result "1-0"]
[WhiteElo "1910"]
[BlackElo "1601"]
[PlyCount "75"]
[EventDate "2024.10.04"]
[EventType "swiss"]
[EventRounds "11"]
[EventCountry "IND"]
[SourceTitle "CB47_2024"]
[SourceDate "2024.11.20"]
[SourceVersion "1"]
[SourceVersionDate "2024.11.20"]
[SourceQuality "1"]

1. e4 e5 2. Nf3 Nc6 3. Bc4 Nf6 4. d3 Bc5 5. Nc3 d6 6. h3 h6 7. 0-0 0-0 8. Be3 Bb6 9. Qd2 Be6 10. Bb3 d5 11. Bxh6 gxh6 12. Qxh6 d4 13. Nd5 Nh7 14. Nxb6 axb6 15. Bxe6 fxe6 16. Qxe6+ Kh8 17. Nxe5 Nxe5 18. Qxe5+ Rf6 19. b4 c5 20. b5 Qd7 21. a4 Rg8 22. Kh1 Rg5 23. Qh2 Rh5 24. f4 Rfh6 25. Rf3 Nf6 26. f5 Ng4 27. Qb8+ Kh7 28. Rg3 Nf6 29. Qf8 Qc7 30. e5 Rxf5 31. Re1 Rg6 32. exf6 Rf1+ 33. Rxf1 Qxg3 34. Qe7+ Kh8 35. Qe2 Rh6 36. f7 Rxh3+ 37. gxh3 Qxh3+ 38. Qh2 1-0

[Event "IND-ch U11 Girls 37th"]
[Site "Hyderabad"]
[Date "2024.10.05"]
[Round "2"]
[White "Pavithra, RV."]
[Black "Rashi, Warudkar"]
[Result "1-0"]
[WhiteElo "1910"]
[BlackElo "1481"]
[PlyCount "87"]
[EventDate "2024.10.04"]
[EventType "swiss"]
[EventRounds "11"]
[EventCountry "IND"]
[SourceTitle "CB47_2024"]
[SourceDate "2024.11.20"]
[SourceVersion "1"]
[SourceVersionDate "2024.11.20"]
[SourceQuality "1"]

1. e4 e5 2. Nf3 Nf6 3. Nc3 Nc6 4. Bc4 Bc5 5. d3 d6 6. h3 h6 7. 0-0 0-0 8. Be3 Bb6 9. Qd2 Kh7 10. Kh2 Be6 11. Bb3 Qd7 12. Rg1 Rad8 13. g4 Bxg4 14. hxg4 Nxg4+ 15. Kg2 Nf6 16. Kf1 Nd4 17. Bxd4 exd4 18. Nd5 Nxd5 19. Bxd5 c6 20. Bb3 d5 21. Ke2 Rfe8 22. e5 Bc7 23. Qf4 Qe6 24. Kd2 Bxe5 25. Nxe5 Qxe5 26. Qxf7 Rf8 27. Qg6+ Kh8 28. Raf1 Rde8 29. Kc1 Re6 30. Qg2 Rf5 31. Rh1 Rg5 32. Qh3 Qf5 33. Qh4 Qg4 34. Qh2 Qf5 35. Qb8+ Kh7 36. Qxb7 a5 37. Qb6 Qf4+ 38. Kb1 Re2 39. f3 Qd2 40. Qxc6 Rh5 41. a3 Rf2 42. Rfg1 Rxh1 43. Qg6+ Kh8 44. Qxg7# 1-0

[Event "SRI-ch Dini"]
[Site "Colombo"]
[Date "2024.07.29"]
[Round "1"]
[White "Pavithra, RV."]
[Black "Ahangama, Senuka Aswin"]
[Result "0-1"]
[WhiteElo "1716"]
[BlackElo "1807"]
[PlyCount "120"]
[EventDate "2024.07.29"]
[EventType "swiss"]
[EventRounds "10"]
[EventCountry "SRI"]
[SourceTitle "CBM 221 Extra"]
[Source "ChessBase"]
[SourceDate "2024.09.30"]
[SourceVersion "1"]
[SourceVersionDate "2024.09.30"]
[SourceQuality "1"]

1. e4 c6 2. d4 d5 3. e5 c5 4. dxc5 e6 5. Be3 Nd7 6. Bb5 Ne7 7. Nd2 Nc6 8. Ngf3 Nxc5 9. 0-0 a6 10. Bxc6+ bxc6 11. Nd4 Qc7 12. f4 Nd7 13. c3 c5 14. Nc2 Be7 15. Qg4 g6 16. Bf2 Bb7 17. a4 Kf8 18. h4 h5 19. Qh3 Kg7 20. Bg3 Qb6 21. Nf3 a5 22. Kh1 Ba6 23. Rfe1 Bd3 24. Ne3 Rab8 25. f5 gxf5 26. Rad1 Be4 27. Nd2 Nf8 28. Nxe4 dxe4 29. Rd2 Ng6 30. Rf1 Rhd8 31. Rdf2 Rd3 32. Re1 c4 33. Bf4 Bxh4 34. g3 Be7 35. Rh2 Rh8 36. Qf1 Kf8 37. Qg2 Qc5 38. Nc2 Nxe5 39. Bxe5 Qxe5 40. Rh3 Bg5 41. Nd4 h4 42. g4 Rxh3+ 43. Qxh3 Qg3 44. Qf1 Bf4 45. Re2 fxg4 46. Rf2 e5 47. Ne2 e3 48. Rxf4 exf4 49. Nxg3 hxg3+ 50. Kg1 f3 51. Qxc4 e2 52. Qc8+ Ke7 53. Qc7+ Ke6 54. Qc6+ Kf5 55. Qd5+ Kf4 56. Qd4+ Kg5 57. Qe3+ Kh4 58. Qe7+ Kh3 59. Kh1 f2 60. Qxe2 g2# 0-1

[Event "GEO World Cup-B U12 Girls"]
[Site "Batumi"]
[Date "2024.06.29"]
[Round "7"]
[White "Amanzhol, Khanzada"]
[Black "Pavithra, RV."]
[Result "0-1"]
[WhiteElo "1685"]
[BlackElo "1614"]
[PlyCount "80"]
[EventDate "2024.06.23"]
[EventType "swiss"]
[EventRounds "7"]
[EventCountry "GEO"]
[SourceTitle "EXT 2025"]
[Source "ChessBase"]
[SourceDate "2024.10.14"]
[SourceVersion "1"]
[SourceVersionDate "2024.10.14"]
[SourceQuality "1"]

1. e4 c5 2. b3 Nc6 3. Bb2 d6 4. Nf3 e5 5. Bb5 Bd7 6. Qe2 a6 7. Bxc6 Bxc6 8. 0-0 Ne7 9. c3 Ng6 10. Qe3 Be7 11. d4 cxd4 12. cxd4 f6 13. Rd1 Qc8 14. d5 Bd7 15. Qb6 0-0 16. Rc1 Qe8 17. Qxb7 Rb8 18. Qxa6 Bb5 19. Qa5 Nf4 20. a4 Ne2+ 21. Kh1 Nxc1 22. Bxc1 Bd3 23. Nbd2 Qc8 24. Bb2 Qc2 25. Bc3 Bd8 26. Qa7 Qxc3 27. Qxb8 Qxa1+ 28. Ng1 Ba5 29. Qxd6 Bxd2 30. Qe6+ Kh8 31. d6 Bxe4 32. d7 Qf1 33. Qg4 Qxg2+ 34. Qxg2 Bxg2+ 35. Kxg2 Rd8 36. Nf3 Rxd7 37. Nxd2 Rxd2 38. a5 Rb2 39. a6 Rxb3 40. a7 Ra3 0-1

[Event "GEO World Cup-B U12 Girls"]
[Site "Batumi"]
[Date "2024.06.24"]
[Round "2"]
[White "Pavithra, RV."]
[Black "Tereshchenko, Eliza"]
[Result "1-0"]
[WhiteElo "1614"]
[BlackElo "1694"]
[PlyCount "133"]
[EventDate "2024.06.23"]
[EventType "swiss"]
[EventRounds "7"]
[EventCountry "GEO"]
[SourceTitle "EXT 2025"]
[Source "ChessBase"]
[SourceDate "2024.10.14"]
[SourceVersion "1"]
[SourceVersionDate "2024.10.14"]
[SourceQuality "1"]

1. e4 c5 2. Nf3 Nc6 3. d3 g6 4. g3 Bg7 5. Bg2 d6 6. 0-0 e6 7. c3 Qb6 8. Re1 Nge7 9. Nbd2 0-0 10. Nb3 Rd8 11. Be3 a5 12. a4 Qc7 13. Nbd2 b6 14. h4 Ba6 15. Qc2 d5 16. h5 d4 17. cxd4 cxd4 18. Bg5 f6 19. hxg6 hxg6 20. Bh4 g5 21. Bxg5 fxg5 22. Nxg5 Qe5 23. f4 Qc5 24. Qb3 Bc8 25. Nxe6 Bxe6 26. Qxe6+ Kf8 27. e5 Rdc8 28. Ne4 Qd5 29. Qg4 Qf7 30. Nd6 Qg6 31. Qxg6 Nxg6 32. Nxc8 Rxc8 33. Rac1 Nge7 34. Rc4 Nb4 35. Rxc8+ Nxc8 36. Rc1 Ne7 37. Be4 Ned5 38. Rc4 Ne3 39. Rxd4 Nd1 40. b3 Nc3 41. Rd6 Ne2+ 42. Kf2 Nc1 43. Rxb6 Nxb3 44. Rb8+ Ke7 45. Rb7+ Kf8 46. e6 Bd4+ 47. Kg2 Bc5 48. f5 Nd4 49. g4 Nbc2 50. g5 Ne3+ 51. Kh3 Ke8 52. g6 Nexf5 53. Bxf5 Nxf5 54. Rb5 Ng7 55. Rxc5 Nxe6 56. Re5 Kd7 57. Rxe6 Kxe6 58. Kg4 Kf6 59. Kh5 Kg7 60. Kg5 Kg8 61. Kf6 Kh8 62. g7+ Kg8 63. d4 Kh7 64. Kf7 Kh6 65. g8Q Kh5 66. Qg3 Kh6 67. Qg6# 1-0

[Event "IND-ch Schools"]
[Site "Gyan Bhawan Patna"]
[Date "2024.02.08"]
[Round "6"]
[White "Pal, Vedika"]
[Black "Pavithra, RV."]
[Result "1/2-1/2"]
[WhiteElo "1539"]
[BlackElo "1440"]
[PlyCount "219"]
[EventDate "2024.02.06"]
[EventType "swiss"]
[EventRounds "9"]
[EventCountry "IND"]
[SourceTitle "EXT 2025"]
[Source "ChessBase"]
[SourceDate "2024.10.14"]
[SourceVersion "1"]
[SourceVersionDate "2024.10.14"]
[SourceQuality "1"]

1. e4 c5 2. Nf3 d6 3. Bb5+ Bd7 4. c4 Nc6 5. Nc3 Nf6 6. d4 cxd4 7. Nxd4 a6 8. Ba4 g6 9. 0-0 Bg7 10. Re1 0-0 11. Bc2 Nxd4 12. Qxd4 Ng4 13. Qd2 Rc8 14. Bb3 Be6 15. Nd5 Ne5 16. Qe2 Nc6 17. Be3 Nd4 18. Qd2 Bxd5 19. exd5 Nxb3 20. axb3 Qd7 21. Rac1 b5 22. c5 dxc5 23. Bxc5 Bf6 24. b4 Rfd8 25. Rcd1 Qb7 26. Qd3 Rd7 27. Qf3 Bxb2 28. Rd2 Bf6 29. Rde2 Qxd5 30. Qxf6 Rxc5 31. Qxa6 Rcc7 32. Qa1 Ra7 33. Qb2 Ra4 34. h3 Qd4 35. Qc1 Rxb4 36. Re4 Rc4 37. Qg5 Qxe4 38. Rxe4 Rxe4 39. Qxb5 Red4 40. Qb8+ Kg7 41. Qe5+ f6 42. Qe6 R4d6 43. Qe3 e5 44. Kh2 Rd5 45. Qa3 Rd2 46. Qa4 f5 47. Qb5 R2d5 48. Qc6 e4 49. Qe6 R5d6 50. Qe5+ Kf7 51. Qh8 Ke6 52. Kg3 Rd3+ 53. Kh2 R3d6 54. h4 Kd5 55. h5 Kc4 56. Qe5 Rd5 57. Qe6 gxh5 58. Qh6 Kc3 59. Qxh5 f4 60. Qh6 R7d6 61. Qg7+ Rd4 62. Qg4 e3 63. fxe3 fxe3 64. Qe2 Rd3 65. Qe1+ Kc4 66. Qc1+ Rc3 67. Qf1+ Rdd3 68. Qe2 Kb3 69. Kg1 Rd2 70. Qb5+ Kc2 71. Qa4+ Rb3 72. Qa2+ Kc3 73. Qa1+ Rdb2 74. Qa5+ Kc2 75. Qf5+ Rd3 76. Kf1 Kd2 77. Qa5+ Rc3 78. Qd5+ Kc1 79. Ke1 Kb1 80. Qe4+ Ka2 81. Qa4+ Ra3 82. Qc4+ Ka1 83. g4 Kb1 84. Qe4+ Ka1 85. Qc4 Kb1 86. Qe4+ Kc1 87. Qd4 Rd2 88. Qc5+ Kb2 89. Qb6+ Rb3 90. Qf6+ Ka2 91. Qa6+ Kb2 92. Qf6+ Ka3 93. Qa6+ Kb4 94. Qb6+ Kc4 95. Qe6+ Kb4 96. Qb6+ Ka3 97. Qa5+ Kb2 98. Qe5+ Kb1 99. Qe4+ Ka1 100. Qe5+ Rdb2 101. Kd1 e2+ 102. Ke1 Rh3 103. Qa5+ Ra2 104. Qe5+ Kb1 105. Qb5+ Rb2 106. Qf5+ Kc1 107. Qf4+ Kc2 108. Qe4+ Kb3 109. Qd5+ Kb4 110. Qd4+ 1/2-1/2

[Event "IND-ch U11 Girls"]
[Site "Visakhapatnam"]
[Date "2023.10.05"]
[Round "9"]
[White "Diya, Digamber Sawal"]
[Black "Pavithra, RV."]
[Result "1/2-1/2"]
[WhiteElo "1104"]
[BlackElo "1238"]
[PlyCount "63"]
[EventDate "2023.10.01"]
[EventType "swiss"]
[EventRounds "11"]
[EventCountry "IND"]
[SourceTitle "EXT 2025"]
[Source "ChessBase"]
[SourceDate "2024.10.14"]
[SourceVersion "1"]
[SourceVersionDate "2024.10.14"]
[SourceQuality "1"]

1. e4 c5 2. Nc3 Nc6 3. f4 e6 4. Nf3 Nge7 5. Bb5 a6 6. Bxc6 Nxc6 7. d3 Be7 8. 0-0 0-0 9. Be3 d5 10. Bd2 b5 11. a3 Bb7 12. exd5 exd5 13. Ne2 Bf6 14. Rb1 Qb6 15. Kh1 Ne7 16. Ng3 g6 17. c3 Rad8 18. f5 Bc8 19. fxg6 fxg6 20. b4 c4 21. d4 Nf5 22. Bf4 Rfe8 23. Nxf5 Bxf5 24. Rc1 Bd3 25. Re1 Re4 26. Qd2 Rde8 27. Ne5 Bxe5 28. Bxe5 Rf8 29. h3 Qe6 30. Rxe4 dxe4 31. Qh6 Qf7 32. d5 1/2-1/2